Strategie zewnetrznego zasilania krajowych procesów innowacyjnych

Salvato in:
Dettagli Bibliografici
Autore principale: Hermanowski, Tomasz
Natura: Libro
Lingua:polacco
Pubblicazione: Katowice Akademia Ekon. im. Karola Adamieckiego 1986
Serie:Prace naukowe
Tags: Aggiungi Tag
Nessun Tag, puoi essere il primo ad aggiungerne!!

MARC

LEADER 00000nam a2200000 4500
001 c111289
005 20150409121811.8
041 0 |a pol 
044 |a PL 
245 1 0 |a Strategie zewnetrznego zasilania krajowych procesów innowacyjnych  |c Tomasz Hermanowski 
264 1 |a Katowice  |b Akademia Ekon. im. Karola Adamieckiego  |c 1986 
300 |a 315 s. 
490 1 |a Prace naukowe 
830 0 |a Prace naukowe 
100 1 |a Hermanowski, Tomasz